| 000 | 00609 a2200205 4500 | ||
|---|---|---|---|
| 020 | _a0-672-31573-4 | ||
| 020 | _a0-672-31141-0 | ||
| 040 |
_aDLC _bDLC |
||
| 082 | _a005.4469 | ||
| 082 | _a005.446 | ||
| 082 | _a005.446 | ||
| 100 | 1 | _aNorton, Peter | |
| 245 | 0 | 0 |
_aPeter Norton's Complete guide to Linux _cPeter Norton and Arthur Griffith |
| 260 |
_aNew Delhi : _bTechmedia, _c2000 |
||
| 300 |
_axx, 921 p. : _bill. ; _c24cm.+ _e1CD. |
||
| 650 | 4 | _aLinux (Computer operating systems for microcomputers) | |
| 700 | 1 | _aGriffith, Arthur | |
| 740 | 0 | _aComplete guide to Linux | |
| 942 |
_cBK _k005.4469 NOR _2ddc |
||
| 999 |
_c6341 _d6341 |
||